| 000 | 00855nam a2200253 i 4500 | ||
|---|---|---|---|
| 001 | 178130 | ||
| 003 | ES-MaACL | ||
| 005 | 20250830062232.0 | ||
| 007 | t| | ||
| 008 | 110519s1965 sp r ||||1| spa d | ||
| 080 | _a27-46 | ||
| 080 | _a27-725 | ||
| 100 | 1 |
_aSchelkle, Karl Hermann. _9104284 |
|
| 245 | 1 | 0 |
_aDiscípulos y apóstoles _b: interpretación bíblica de la misión sacerdotal / _cKarl Hermann Schelkle ; [versión castellana por Beatriz Benoit Larco]. |
| 260 |
_aBarcelona : _bHerder, _c1965. |
||
| 300 |
_a148 p. ; _c18 cm. |
||
| 490 | 1 |
_aPequeña biblioteca Herder ; _v58 |
|
| 650 | 0 | 7 |
_aTeología pastoral _2embne _917472 |
| 650 | 0 | 4 |
_aSacerdotes. _916959 |
| 700 | 0 |
_aBenoit Larco, Beatriz. _9146610 |
|
| 830 | 0 |
_aPequeña biblioteca Herder ; _v58 _9190720 |
|
| 852 |
_aES-MaACL _jE-15154 _xOlim P-274 |
||
| 999 |
_c178130 _d178130 |
||